Декабристы: люди и судьбы. К 200-летию восстания на Сенатской площади (Запись № 13687811)
[ простой вид ]
| 000 -МАРКЕР | |
|---|---|
| контрольное поле | 02371nam0a2200409 4500 |
| 001 - ИДЕНТИФИКАТОР ЗАПИСИ | |
| контрольное поле | RU\NLR\BIBL_A\022711394 |
| 005 - ИДЕНТИФИКАТОР ВЕРСИИ | |
| контрольное поле | 20260420062804.0 |
| 010 ## - МЕЖДУНАРОДНЫЙ СТАНДАРТНЫЙ НОМЕР КНИГИ (ISBN) | |
| Номер (ISBN) | 978-5-6054386-8-7 |
| Тираж | 500 |
| 021 ## - НОМЕР ГОСУДАРСТВЕННОЙ РЕГИСТРАЦИИ | |
| Код страны | российская федерация |
| Номер | КН-П-25-076162 |
| Номер Листа государственной регистраци | КН-П-25-7380 |
| 035 ## - ДРУГИЕ СИСТЕМНЫЕ НОМЕРА | |
| Идентификатор записи | (NLR Aleph) 022711394 |
| 100 ## - ДАННЫЕ ОБЩЕЙ ОБРАБОТКИ | |
| Данные общей обработки | 20260129d2025 u y0rusy50 ca |
| 101 0# - ЯЗЫК РЕСУРСА | |
| Язык текста, звукозаписи и т.д. | русский |
| 102 ## - СТРАНА ПУБЛИКАЦИИ ИЛИ ПРОИЗВОДСТВА | |
| Страна публикации | российская федерация |
| 105 ## - ПОЛЕ КОДИРОВАННЫХ ДАННЫХ: ТЕКСТОВЫЕ МАТЕРИАЛЫ, МОНОГРАФИЧЕСКИЕ | |
| Кодированные данные о монографическом текстовом документе | ach z 110yy |
| 181 #0 - ПОЛЕ КОДИРОВАННЫХ ДАННЫХ: ВИД СОДЕРЖАНИЯ | |
| Код вида содержания (ISBD) | b3 |
| Код характеристики содержания (ISBD) | xb2e |
| 181 #0 - ПОЛЕ КОДИРОВАННЫХ ДАННЫХ: ВИД СОДЕРЖАНИЯ | |
| Код вида содержания (ISBD) | i2 |
| Код характеристики содержания (ISBD) | axxe |
| 182 #0 - ПОЛЕ КОДИРОВАННЫХ ДАННЫХ: ТИП СРЕДСТВА | |
| Код типа средства (ISBD) | n - непосредственное |
| 200 1# - ЗАГЛАВИЕ И СВЕДЕНИЯ ОБ ОТВЕТСТВЕННОСТИ | |
| Основное заглавие | Декабристы: люди и судьбы. К 200-летию восстания на Сенатской площади |
| Сведения, относящиеся к заглавию | по материалам выставки Государственного музея А. С. Пушкина, [27 ноября 2025 – 27 февраля 2026 |
| Первые сведения об ответственности | Департамент культуры города Москвы, Государственный музей А. С. Пушкина и др. |
| Последующие сведения об ответственности | составитель: А. В. Большова |
| -- | предисловие: С. В. Мироненко] |
| 203 ## - ВИД СОДЕРЖАНИЯ И ТИП СРЕДСТВА | |
| Вид содержания | Изображение |
| -- | Текст |
| Дополнительные сведения об издании | визуальные |
| Тип средства | непосредственные |
| 210 ## - ПУБЛИКАЦИЯ, РАСПРОСТРАНЕНИЕ И ДР. | |
| Место издания, распространения и т.д. | Москва |
| Имя издателя, распространителя и т. д. | Гоударственный музей А. С. Пушкина |
| Дата издания, распространения и т.д. | 2025 |
| 215 ## - ФИЗИЧЕСКАЯ ХАРАКТЕРИСТИКА | |
| Специфическое обозначение материала и объем | 247 с. |
| Другие сведения о физической характеристике | цв. ил., портр., факс. |
| Размеры | 28 |
| 320 ## - ПРИМЕЧАНИЯ О НАЛИЧИИ В ДОКУМЕНТЕ БИБЛИОГРАФИИ / УКАЗАТЕЛЯ | |
| Текст примечания | Библиогр. в подстроч. примеч. |
| 600 #1 - ИМЯ ЛИЦА КАК ПРЕДМЕТ | |
| Начальный элемент ввода | Пушкин |
| Часть имени, кроме начального элемента ввода | А.С. |
| Даты | 1799 - 1837 |
| Расширение инициалов личного имени | Александр Сергеевич |
| Формальный подзаголовок | Документы и материалы |
| Тематический подзаголовок | и декабристы |
| Системный номер авторитетной/нормативной записи | 2030056 |
| Идентификатор авторитетной/нормативной записи | RU\NLR\AUTH\66935052 |
| 606 1# - НАИМЕНОВАНИЕ ТЕМЫ КАК ПРЕДМЕТ | |
| Наименование темы | Декабристы |
| Системный номер авторитетной/нормативной записи | 983991 |
| Идентификатор авторитетной/нормативной записи | RU\NLR\AUTH\6652480 |
| 686 1# - ИНДЕКСЫ ДРУГИХ КЛАССИФИКАЦИЙ | |
| Индекс | Т3(2)472-411.8л62 |
| 686 2# - ИНДЕКСЫ ДРУГИХ КЛАССИФИКАЦИЙ | |
| Индекс | Ш5(2=Р)51-4Пушкин3 |
| 702 #1 - ИМЯ ЛИЦА - ВТОРИЧНАЯ ОТВЕТСТВЕННОСТЬ | |
| Начальный элемент ввода | Большова |
| Часть имени, кроме начального элемента ввода | А. В. |
| Код отношения | Составитель |
| 702 #1 - ИМЯ ЛИЦА - ВТОРИЧНАЯ ОТВЕТСТВЕННОСТЬ | |
| Начальный элемент ввода | Мироненко |
| Часть имени, кроме начального элемента ввода | С. В. |
| Даты | 1951- |
| Расширение инициалов личного имени | Сергей Владимирович |
| Код отношения | Автор введения, предисловия, примечания и т.п. |
| 711 02 - НАИМЕНОВАНИЕ ОРГАНИЗАЦИИ - АЛЬТЕРНАТИВНАЯ ОТВЕТСТВЕННОСТЬ | |
| Начальный элемент ввода | Государственный музей А. С. Пушкина |
| Идентифицирующий признак | Москва |
| Системный номер авторитетной/нормативной записи | 280392 |
| Идентификатор авторитетной/нормативной записи | RU\NLR\AUTH\884451 |
| 711 12 - НАИМЕНОВАНИЕ ОРГАНИЗАЦИИ - АЛЬТЕРНАТИВНАЯ ОТВЕТСТВЕННОСТЬ | |
| Начальный элемент ввода | "Декабристы: люди и судьбы. К 200-летию восстания на Сенатской площади", выставка |
| Место проведения временной организации | Москва |
| Дата проведения временной организации | 2025-2026 |
| Системный номер авторитетной/нормативной записи | 2697026 |
| Идентификатор авторитетной/нормативной записи | RU\NLR\AUTH\880638670 |
| 942 ## - ДОПОЛНИТЕЛЬНЫЕ ЭЛЕМЕНТЫ ЗАПИСИ (АБИС) | |
| Тип экземпляра АБИС | Книга |
| 980 ## - КОЛЛЕКЦИЯ | |
| Название коллекции | Национальная библиография |
Нет доступных экземпляров.